000 00698nam a22002057a 4500
008 161026b xxu||||| |||| 00| 0 eng d
020 _a071671020
050 _aGE 41 .M67 1980
100 _aMoran,Joseph M.
245 _aIntroduction to Environmental Science/
_cJoseph M.Moran, Michael D.Morgan and James H.Wiersma
260 _aSan Francisco :
_bW.H Freeman and Company,
_cc1980
300 _axi, 658p. :
_bill. ;
500 _aIncludes bibliographies and index.
650 _aHuman Ecology
650 _aEnvironmental Protection
650 _aEnvironmental policy
700 _aMorgan,Michael D.
700 _aWiersma,James H.
942 _2lcc
_cBOOKS
_hGE 41 .M67 1980
999 _c15154
_d15154